| 000 | 01590nam0a2200373 4500 | ||
|---|---|---|---|
| 001 | RU\NLR\bibl\208954 | ||
| 005 | 20260405114009.0 | ||
| 010 |
_a5-7389-0138-X _9300 |
||
| 020 |
_aRU _b01-45637 _9Книжная летопись |
||
| 021 |
_aRU _b2001-27419 _91313 |
||
| 035 | _a(NLR Aleph) 000205185 | ||
| 090 |
_a1189962 _c1189962 |
||
| 100 | _a20011114d2000 |||y0rusy50 ca | ||
| 101 | 0 | _arus | |
| 102 | _aRU | ||
| 105 | _aa ||||||||| | ||
| 200 | 1 |
_aНовая игра: фьючерсы _eУчеб. пособие _fЛ. Г. Кузнецова _gМ-во образования Рос. Федерации, Хабар. гос. техн. ун-т |
|
| 210 |
_aХабаровск _cИзд-во Хабар. гос. техн. ун-та _d2000 |
||
| 215 |
_a99 с. _cграф. _d21 |
||
| 320 | _aБиблиогр. в конце гл. | ||
| 606 | 0 |
_aФьючерсы _jРуководства, пособия и т.п. для высшей школы _91874592 _3RU\NLR\auth\661142110 |
|
| 606 | 0 |
_aФьючерсы _jУчебные издания для высшей школы _91874592 _3RU\NLR\auth\661142110 |
|
| 610 | 0 | _aФьючерсные сделки | |
| 675 |
_a339.743(075.8) _v3 _zrus |
||
| 686 |
_a06.51 _2rugasnti |
||
| 686 |
_a65.268я73 _2rubbk |
||
| 686 | _aУ26(0)229.2я73 | ||
| 700 | 1 |
_4070 _8rus _7ca _aКузнецова _bЛ. Г. _cэкономист _gЛюдмила Григорьевна _3RU\NLR\auth\7744602 _927542 |
|
| 801 | 0 |
_aRU _bRKP _c20011114 _gPSBO |
|
| 801 | 1 |
_aRU _bRKP _c20011114 |
|
| 801 | 2 |
_aRU _bNLR _c20061108 _grcr |
|
| 942 | _cBOOK | ||
| 980 | _aNB | ||